000 00619pam a2200229 a 4500
001 4433413
005 20180823043833.0
008 940826s1995 njua 001 0 eng
010 _a 94024693
020 _a0133016315
040 _aDLC
_cDLC
_dDLC
041 _aeng
080 _a547
082 0 0 _a547
_220
100 1 _a12
101 _aKIM
245 1 0 _aOrganic chemistry /
_cL.G. Wade, Jr.
504 _aIncludes index.
906 _a7
_bcbc
_corignew
_d1
_eocip
_f19
_gy-gencatlg
942 _2ddc
_cBK
999 _c47268
_d47268